De l'usage et de l'abus de l'esprit philosophique durant le XVIII siècle
Saved in:
| Main Author: | |
|---|---|
| Format: | Book |
| Language: | French |
| Published: |
París
Moputardier
1834
|
| Edition: | 3a. ed |
| Subjects: | |
| Tags: |
Add Tag
No Tags, Be the first to tag this record!
|
MARC
| LEADER | 00000nam a2200000 a 4500 | ||
|---|---|---|---|
| 001 | UCJ3443 | ||
| 003 | CL-VaPUC | ||
| 008 | 070124e18340000FR |||||||||||||||||fre|d | ||
| 082 | 0 | 4 | |a 109 |b POR |2 21 |
| 100 | 0 | |a Portalis, J. E. M |e author |9 505295 | |
| 245 | 1 | 0 | |a De l'usage et de l'abus de l'esprit philosophique durant le XVIII siècle |
| 250 | |a 3a. ed | ||
| 300 | |a 2 v | ||
| 942 | |c BK | ||
| 945 | |d 20070124 00:00:00 |a rinostro | ||
| 260 | |a París |b Moputardier |c 1834 | ||
| 650 | 0 | |a Literatura francesa |9 266330 | |
| 650 | 0 | |a Lengua francesa |9 455703 | |
| 650 | 0 | |a Ciencia |9 255691 | |
| 650 | 0 | |a Positivismo |9 269460 | |
| 650 | 0 | |a Ética |9 255099 | |
| 650 | 0 | |a Estética |9 264950 | |
| 583 | |a last modification |c 20070124 00:00:00 |k Rodrigo Vera | ||
| 999 | |c 319565 |d 319563 | ||
| 952 | |0 0 |1 0 |4 0 |6 109_000000000000000_POR_1834 |7 0 |8 X |9 397912 |a FDOBUD |b FDOBUD |d 2019-11-22 |h v.1 |i 1003607 |o 109 POR 1834 |p 1003607 |r 2019-11-22 |w 2019-11-22 |y BK_X |k BUD | ||
| 952 | |0 0 |1 0 |4 0 |6 109_000000000000000_POR_1834 |7 0 |8 X |9 397913 |a FDOBUD |b FDOBUD |d 2019-11-22 |h v.2 |i 1003615 |o 109 POR 1834 |p 1003615 |r 2019-11-22 |w 2019-11-22 |y BK_X |k BUD | ||